000 00667nam a2200217Ia 4500
003 GCL
008 140319s9999 xx 000 0 ara d
040 _aGCL /
_cGCL
082 0 4 _aط
_b372.216
_bع ح
100 1 _aعبدالحميد توفيق
245 1 0 _aحقيبة الارقام والاشكال والالوان /
_cعبدالحميد توفيق
700 1 _aعاطف عبدالرشيد
700 1 _aمحمد الصباحى
260 _a[S.N] :
_bسفير ،
_c1991
490 _a
650 0 4 _aالاطفال
650 0 4 _aتعليم
650 0 4 _aالوسائل التعليمية
650 0 4 _aالارقام العربية
942 _2ddc
_cBK
999 _c57236
_d57236